Reform of EC procurement law (Record no. 65732)

MARC details
000 -LEADER
fixed length control field 00898cam a2200205 4500
001 - CONTROL NUMBER
control field ABS63331
008 - FIXED-LENGTH DATA ELEMENTS--GENERAL INFORMATION
fixed length control field 000000n2000 000 0 eng u
035 ## - SYSTEM CONTROL NUMBER
System control number (Sirsi) u110227
100 ## - MAIN ENTRY--PERSONAL NAME
Personal name Marks, D.
245 ## - TITLE STATEMENT
Title Reform of EC procurement law
260 ## - PUBLICATION, DISTRIBUTION, ETC.
Date of publication, distribution, etc. 2000
490 ## - SERIES STATEMENT
Series statement CMS Cameron Mckenna Construction Law Bulletin
Volume/sequential designation Winter 2000, 6-8(3)
520 ## - SUMMARY, ETC.
Summary, etc. Reviews proposals for reforming EC procurement law, involving consolidation and simplification of the substantial rules and reducing the number of directives to two. The proposals introduce electronic purchasing mechanism, simplify the value thresholds of the regime, make greater reference to performance standards and will refer to the Common Procurement Vocabulary (CPC) as the reference nomenclature.
590 ## - LOCAL NOTE (RLIN)
Local note ABS
650 ## - SUBJECT ADDED ENTRY--TOPICAL TERM
Topical term or geographic name entry element EC LAW
650 ## - SUBJECT ADDED ENTRY--TOPICAL TERM
Topical term or geographic name entry element Procurement-old
650 ## - SUBJECT ADDED ENTRY--TOPICAL TERM
Topical term or geographic name entry element COMPETITION
690 ## - LOCAL SUBJECT ADDED ENTRY--TOPICAL TERM (OCLC, RLIN)
Topical term or geographic name as entry element LAW
942 ## - ADDED ENTRY ELEMENTS (KOHA)
Suppress in OPAC 0
Holdings
Withdrawn status Lost status Source of classification or shelving scheme Damaged status Not for loan Home library Current library Shelving location Date acquired Total Checkouts Full call number Barcode Date last seen Copy number Price effective from Koha item type
    Dewey Decimal Classification     London London Journal article 08/01/2001   ABS63331 110227-1001 06/08/2019 1 06/08/2019 Journal article